000 03376cam a2200373 i 4500
001 23772018
003 OSt
005 20260423095644.0
008 240711s2025 enk b 001 0 eng
010 _a 2024030608
020 _a9781032565668
_q(hardback)
020 _a9781032565675
_q(paperback)
020 _z9781003436133
_q(ebook)
035 _a23772018
040 _aMMARA-U
_beng
_eMMARA-U
_cMMARA-U
_dMMARA-U
050 0 0 _aK3585.5
_b.V37 2025
100 1 _aVarvastian, Samvel,
_d1988-
_eauthor.
_93116
245 1 0 _aHuman rights approaches to planetary crises :
_bfrom climate change to plastic pollution /
_cSamvel Varvastian.
260 _aNew York, NY :
_bRoutledge,
_c2025.
264 1 _aAbingdon, Oxon ;
_aNew York, NY :
_bRoutledge,
_c2025.
300 _axxx, 191 pages ;
_c24 cm
490 0 _aLaw, justice and ecology
500 _aIncludes bibliographical references and index.
504 _aIncludes bibliographical references and index.
505 0 _aThe age of planetary crises -- Human rights mechanisms -- Constitutional rights.
520 _a"This book analyses over twenty years of rights-based litigation in the areas of climate change and plastic pollution in order to assess the value of rights in confronting and overcoming planetary crises. We live in an age of planetary crises such as climate change, biodiversity loss, and plastic pollution, which take a huge toll on communities all around the world, endangering their fundamental interests. But can the lack of government action on these crises, or action that worsens them, amount to violations of human rights? Many courts are grappling with this question, as rights-based litigation becomes increasingly common. By focusing on climate change and plastic pollution as case studies, this book examines the viability of rights claims when confronting planetary crises in courts. From early attempts to pursue rights claims in response to planetary crises in the 2000s, to high-profile court wins in such cases in the 2010s, and to the spread of such cases across dozens of jurisdictions by the 2020s, rights claims in climate change and plastic pollution litigation have become a truly global phenomenon. Through a systematic and in-depth analysis of such litigation in more than thirty jurisdictions, this book identifies factors that determine the viability of rights claims when confronting planetary crises. It reveals that, even though not all litigation fora are equally favourable to such claims, human rights can indeed be successfully invoked in different types of legal action. This book will be of considerable interest to policymakers, legal scholars and practitioners, as well as students, who work in or study environmental and climate change law, human rights law, constitutional law, and international and comparative law"--
_cProvided by publisher.
650 0 _aClimatic changes
_xLaw and legislation.
_93117
650 0 _aPlastic scrap
_xLaw and legislation.
_93118
650 0 _aPlastic scrap
_xEnvironmental aspects.
_93119
650 0 _aPlastic marine debris
_xEnvironmental aspects.
_93120
650 0 _aInternational law and human rights.
_93034
776 0 8 _iOnline version:
_aVarvastian, Samvel, 1988-
_tHuman rights approaches to planetary crises
_dAbingdon, Oxon [UK] ; New York, NY : Routledge, 2025
_z9781003436133
_w(DLC) 2024030609
942 _2lcc
_cLOAN LOAN
999 _c33513
_d33510